000 00949nmm a2200253 a 4500
001 ocm000601606
003 TR-IsHL
005 20201028132316.0
008 131030s2008 tu tur
007 cr cn
020 _a9789944603706
035 _a601606
_b(N$T)
050 0 4 _aHD9866.T92
_bT87 2008
090 0 4 _aHD9866.T92
_bT87 2008
245 1 0 _aTürk tekstilinin altyapısının yaşaması için alınması gereken önlem ve çözümler, seminer, 24.04.2008
_h[electronic resource]
260 _aİstanbul :
_bİstanbul Ticaret Odası,
_c2008
300 _a106 p.
650 4 _aEkonomi ve Finans
650 4 _aEconomics and Finance
650 0 _aTekstil endüstrisi
_xTürkiye
_xKongreler
650 0 _aTextile industry
_xTurkey
_xCongresses
650 7 _aBUSINESS & ECONOMICS / Industries / Fashion & Textile Industry
_2bisacsh
856 4 0 _uhttp://search.ebscohost.com/login.aspx?direct=true&scope=site&db=e011xww&AN=601606
999 _c5025
_d5025